[Event "10th EICC"]
[Site "Budva MNE"]
[Date "2009.03.06"]
[Round "1"]
[White "Shomoev,A"]
[Black "Sorgic,D"]
[Result "1-0"]
[WhiteElo "2567"]
[BlackElo "2278"]
[EventDate "2009.03.06"]

1. e4 e5 2. Nf3 Nc6 3. Bb5 a6 4. Ba4 Nf6 5. O-O Be7 6. Re1 b5 7. Bb3 d6 8.
c3 O-O 9. h3 Na5 10. Bc2 c5 11. d4 Nd7 12. d5 b4 13. cxb4 cxb4 14. b3 Nb7
15. a3 bxa3 16. Nxa3 a5 17. Nc4 Nb6 18. Nxb6 Qxb6 19. Be3 Nc5 20. Qd2 Bd7
21. Ra3 Rab8 22. Qxa5 Qxa5 23. Rxa5 Bb5 24. Bxc5 dxc5 25. Nxe5 Bf6 26. f4
g5 27. g3 gxf4 28. gxf4 Bh4 29. Re3 Rb7 30. Bd3 Be8 31. Bc4 f6 32. Ng4 h5
33. Nh6+ 1-0

[Event "10th EICC"]
[Site "Budva MNE"]
[Date "2009.03.06"]
[Round "1"]
[White "Stanojevic,B"]
[Black "Deviatkin,A"]
[Result "0-1"]
[WhiteElo "2276"]
[BlackElo "2566"]
[EventDate "2009.03.06"]

1. d4 c5 2. d5 g6 3. e4 Bg7 4. Nf3 d6 5. Bb5+ Nd7 6. a4 Ngf6 7. Nc3 a6 8.
Be2 O-O 9. O-O b6 10. Bf4 Qc7 11. Re1 Bb7 12. Nd2 Rad8 13. h3 e6 14. Nc4
Ne5 15. Ne3 Rfe8 16. Qd2 Qc8 17. Rad1 exd5 18. exd5 Qc7 19. Bg5 Rb8 20. Nf1
Kh8 21. Bh6 Re7 22. Bxg7+ Kxg7 23. f4 Ned7 24. Bc4 Rbe8 25. Rxe7 Rxe7 26.
Re1 Qd8 27. Ng3 Qe8 28. Kf2 Kf8 29. Rxe7 Qxe7 30. Qe3 h5 31. Qxe7+ Kxe7 32.
Nge4 Nxe4+ 33. Nxe4 h4 34. Nc3 Nf6 35. g4 hxg3+ 36. Kxg3 Nh5+ 37. Kf3 Bc8
38. Nd1 Bd7 39. Nc3 Bc8 40. Ne4 Ng7 41. Ng3 Ne8 42. Bd3 Nc7 43. c4 Bxh3 44.
f5 Kf6 45. Kf4 g5+ 46. Ke3 Ke5 47. Ne4 f6 48. Nd2 Bg4 49. Be4 Ne8 50. b4 a5
51. bxa5 bxa5 52. Bd3 Bd1 0-1

[Event "10th EICC"]
[Site "Budva MNE"]
[Date "2009.03.06"]
[Round "1"]
[White "Saric,Iv"]
[Black "Brajovic,R"]
[Result "1-0"]
[WhiteElo "2566"]
[BlackElo "2275"]
[EventDate "2009.03.06"]

1. e4 c5 2. Nf3 e6 3. d4 cxd4 4. Nxd4 Nc6 5. Nc3 Qc7 6. Be3 a6 7. Qd2 Nf6
8. O-O-O b5 9. Bf4 e5 10. Nxc6 exf4 11. e5 dxc6 12. exf6 gxf6 13. Ne4 Bg7
14. Qb4 c5 15. Nd6+ Qxd6 16. Qe4+ Qe6 17. Qxa8 O-O 18. Qd5 Qb6 19. Qd6 Qa5
20. Qxc5 Qxa2 21. Qa3 Qe6 22. Bd3 Qb6 23. f3 f5 24. Rhe1 Be6 25. Qb4 Bd4
26. Kb1 Be3 27. g3 Rb8 28. gxf4 Bc5 29. Qd2 b4 30. Re5 Bd4 31. Rxe6 fxe6
32. Bc4 Rd8 33. Re1 Rd6 34. Rxe6 Rxe6 35. Bxe6+ Qxe6 36. Qxd4 a5 37. Qe5
Qxe5 38. fxe5 f4 39. Ka2 Kf7 40. Kb3 Ke6 41. Kc4 Kxe5 42. b3 Kf5 43. Kd5
Kg5 44. Ke5 h6 45. Ke4 Kh4 46. Kxf4 Kh3 47. Ke5 h5 48. f4 h4 49. f5 Kxh2
50. f6 h3 51. f7 Kg2 52. f8=Q h2 53. Qg7+ 1-0

[Event "10th EICC"]
[Site "Budva MNE"]
[Date "2009.03.06"]
[Round "1"]
[White "Andrejic,V"]
[Black "Grigoriants,S RUS"]
[Result "0-1"]
[WhiteElo "2275"]
[BlackElo "2565"]
[EventDate "2009.03.06"]

1. d4 Nf6 2. c4 g6 3. Nc3 d5 4. cxd5 Nxd5 5. e4 Nxc3 6. bxc3 Bg7 7. Nf3 c5
8. Rb1 O-O 9. Be2 b6 10. O-O Bb7 11. Qd3 e6 12. Bf4 cxd4 13. cxd4 Nd7 14.
Bd6 Bxe4 15. Qxe4 Nf6 16. Qc6 Rc8 17. Qxc8 Qxc8 18. Bxf8 Qxf8 19. Rfc1 Bh6
20. Rc7 Qb8 21. Rc2 Nd5 22. Ne5 Bf4 23. Nc6 Bxh2+ 24. Kh1 Qf4 25. Rb3 Qe4
26. Rcb2 Bd6 27. f3 Qh4+ 28. Kg1 Bg3 29. Bb5 Nf4 0-1

[Event "10th EICC"]
[Site "Budva MNE"]
[Date "2009.03.06"]
[Round "1"]
[White "Andriasian,Z"]
[Black "Veleski,R"]
[Result "1-0"]
[WhiteElo "2564"]
[BlackElo "2269"]
[EventDate "2009.03.06"]

1. e4 e5 2. Nf3 Nc6 3. Bb5 a6 4. Ba4 Nf6 5. O-O Be7 6. Re1 b5 7. Bb3 d6 8.
c3 O-O 9. d4 Bg4 10. Be3 Na5 11. Bc2 Nc4 12. Bc1 c5 13. b3 Nb6 14. dxe5
Bxf3 15. Qxf3 dxe5 16. Nd2 Qd7 17. Nf1 Qg4 18. Qe3 Rfd8 19. h3 Qe6 20. Qf3
c4 21. Ne3 Rac8 22. b4 g6 23. Nd1 Nh5 24. Nb2 Rc6 25. a4 Qc8 26. axb5 axb5
27. Ra5 Rf6 28. Qg4 Qc6 29. g3 Ra8 30. Rxa8+ Qxa8 31. Nd1 Qa2 32. Ne3 Rd6
33. Qe2 Nf6 34. f4 exf4 35. e5 Re6 36. exf6 Bxf6 37. gxf4 Bxc3 38. f5 Re8
39. Rf1 Qa7 40. Qf3 Bxb4 41. Ng4 Re1 42. Rxe1 Bxe1 43. Qe2 Nd5+ 44. Kf1 Bb4
45. Qe8+ Bf8 46. Nh6+ Kg7 47. Qe5+ Nf6 48. Ng4 1-0

[Event "10th EICC"]
[Site "Budva MNE"]
[Date "2009.03.06"]
[Round "1"]
[White "Wieczorek,O"]
[Black "Iljushin,A"]
[Result "0-1"]
[WhiteElo "2265"]
[BlackElo "2564"]
[EventDate "2009.03.06"]

1. e4 c5 2. Nf3 Nc6 3. d4 cxd4 4. Nxd4 Nf6 5. Nc3 d6 6. Bg5 Qb6 7. Nb3 e6
8. Qd2 a6 9. O-O-O Be7 10. f3 O-O 11. Kb1 Rd8 12. Be3 Qc7 13. Qf2 Nd7 14.
g4 b5 15. h4 b4 16. Ne2 Nce5 17. Ned4 Bb7 18. g5 d5 19. exd5 Bxd5 20. Be2
a5 21. Rhg1 a4 22. Nb5 Qb7 23. N3d4 b3 24. cxb3 axb3 25. a3 Nc4 26. Bc1 Bc5
27. Qg3 Nde5 28. Rge1 Bxd4 29. Nxd4 Nxa3+ 30. bxa3 b2 31. Bc4 Nxc4 0-1

[Event "10th EICC"]
[Site "Budva MNE"]
[Date "2009.03.06"]
[Round "1"]
[White "Safarli,E"]
[Black "Franciskovic,B"]
[Result "1-0"]
[WhiteElo "2564"]
[BlackElo "2260"]
[EventDate "2009.03.06"]

1. e4 c6 2. d4 d5 3. exd5 cxd5 4. c4 Nf6 5. Nc3 e6 6. Nf3 Bb4 7. cxd5 Nxd5
8. Bd2 Nc6 9. Bd3 O-O 10. O-O Be7 11. a3 Bf6 12. Qc2 g6 13. Bh6 Re8 14.
Rad1 Nxc3 15. bxc3 Qa5 16. Nd2 Qxa3 17. Ne4 Qe7 18. Nxf6+ Qxf6 19. f4 Bd7
20. Qf2 Ne7 21. Bg5 Qg7 22. Qh4 Nd5 23. c4 h6 24. Bxh6 Qxd4+ 25. Kh1 Ne3
26. Bxg6 Nxd1 27. Bxf7+ Kxf7 28. Qh5+ Kg8 29. Rxd1 Qxd1+ 30. Qxd1 Re7 31.
Qg4+ Kh7 32. Bf8 Rf7 33. Qh5+ Kg8 34. Bh6 Be8 35. Qg6+ Kh8 36. Bg5 Rg7 37.
Qh6+ Kg8 38. Bf6 Rg6 39. Qh8+ Kf7 40. Bb2 Ke7 41. Ba3+ Kd7 42. Qd4+ Kc8 43.
Qc5+ 1-0

[Event "10th EICC"]
[Site "Budva MNE"]
[Date "2009.03.06"]
[Round "1"]
[White "Rabrenovic,M"]
[Black "Sjugirov,S"]
[Result "0-1"]
[WhiteElo "2257"]
[BlackElo "2562"]
[EventDate "2009.03.06"]

1. e4 c5 2. Nf3 d6 3. d4 cxd4 4. Nxd4 Nf6 5. f3 e5 6. Bb5+ Nbd7 7. Nf5 d5
8. exd5 a6 9. Ba4 b5 10. Bb3 Nb6 11. Ne3 Bc5 12. Nc3 O-O 13. O-O Bf5 14.
Kh1 Bg6 15. f4 exf4 16. Ng4 Nh5 17. Bxf4 Nxf4 18. Rxf4 Bd6 19. Rd4 b4 20.
Na4 Nxa4 21. Bxa4 h5 22. Nf2 Be5 23. Rxb4 Bxh2 24. Qd4 Bd6 25. Rb7 Qg5 26.
Re1 Rac8 27. Bc6 Bxc2 28. Qe3 Qh4+ 29. Nh3 Rb8 30. Rf1 Bg6 31. Rd7 Rfd8 32.
Qg5 Qxg5 33. Nxg5 Rxd7 34. Bxd7 Rxb2 35. Be8 Rb7 0-1

[Event "10th EICC"]
[Site "Budva MNE"]
[Date "2009.03.06"]
[Round "1"]
[White "Popov,Val"]
[Black "Vucinic,P"]
[Result "1-0"]
[WhiteElo "2561"]
[BlackElo "2257"]
[EventDate "2009.03.06"]

1. d4 Nf6 2. c4 e6 3. Nc3 d5 4. Bg5 Be7 5. e3 O-O 6. Rc1 b6 7. cxd5 exd5 8.
Bd3 Bb7 9. Nge2 c6 10. Ng3 Nbd7 11. Nf5 g6 12. Nxe7+ Qxe7 13. O-O Qe6 14.
f3 c5 15. Re1 c4 16. Bb1 Qc6 17. e4 b5 18. e5 b4 19. Na4 Nh5 20. Be7 a5 21.
Bxf8 Nxf8 22. Bc2 Ba6 23. a3 Rb8 24. axb4 axb4 25. b3 c3 26. Bd3 Nf4 27.
Bxa6 Qxa6 28. Ra1 Qb5 29. Qc2 1-0

[Event "10th EICC"]
[Site "Budva MNE"]
[Date "2009.03.06"]
[Round "1"]
[White "Spiric,I"]
[Black "Neverov,V"]
[Result "0-1"]
[WhiteElo "2255"]
[BlackElo "2560"]
[EventDate "2009.03.06"]

1. d4 Nf6 2. c4 g6 3. Nc3 d5 4. cxd5 Nxd5 5. e4 Nxc3 6. bxc3 Bg7 7. Bb5+
Nd7 8. Ba3 a6 9. Bxd7+ Qxd7 10. Nf3 Qc6 11. O-O Qxc3 12. Bxe7 Kxe7 13. Rc1
Qa5 14. Rc5 Qxa2 15. Rxc7+ Bd7 16. Ne5 Rhd8 17. Rxb7 Bxe5 18. dxe5 Ke8 19.
Qc1 Rab8 20. Rc7 Kf8 21. Rc2 Qa4 22. Rc4 Qb5 23. Rc5 Qb4 24. Rc4 Qb2 25.
Qg5 Kg8 26. Rd1 Be8 27. Rcc1 Rxd1+ 28. Rxd1 Qe2 29. Rc1 Qxe4 30. h4 Rb1 31.
Rxb1 Qxb1+ 32. Kh2 Qf5 33. Qe7 Qe6 34. Qg5 a5 0-1

[Event "10th EICC"]
[Site "Budva MNE"]
[Date "2009.03.06"]
[Round "1"]
[White "Plenca,J"]
[Black "Jovanovic,Zo CRO"]
[Result "0-1"]
[WhiteElo "2248"]
[BlackElo "2558"]
[EventDate "2009.03.06"]

1. d4 Nf6 2. Nf3 g6 3. e3 Bg7 4. Be2 O-O 5. O-O d6 6. c4 c5 7. Nc3 Bf5 8.
Qb3 Qb6 9. Rd1 Nc6 10. Qxb6 axb6 11. Nh4 Bc2 12. Rd2 Nb4 13. Bd1 Bxd1 14.
Rxd1 cxd4 15. exd4 Rfc8 16. b3 d5 17. Na4 Nd7 18. Bd2 Nc2 19. Rac1 Nxd4 20.
Re1 Bf6 21. Bc3 dxc4 22. Bxd4 Bxd4 23. Rcd1 e5 24. Nf3 b5 25. Nxd4 exd4 26.
Rxd4 bxa4 27. Rxd7 cxb3 28. axb3 a3 29. Ra1 Rc2 30. Kf1 a2 31. Rxb7 Rd8 32.
Rb4 Rb2 0-1

[Event "10th EICC"]
[Site "Budva MNE"]
[Date "2009.03.06"]
[Round "1"]
[White "Ruck,R1"]
[Black "Drljevic,L"]
[Result "1-0"]
[WhiteElo "2558"]
[BlackElo "2244"]
[EventDate "2009.03.06"]

1. Nf3 d6 2. d4 Nf6 3. c4 g6 4. g3 Bg7 5. Bg2 O-O 6. Nc3 Nbd7 7. O-O e5 8.
h3 Re8 9. e4 exd4 10. Nxd4 Nc5 11. Re1 a5 12. b3 c6 13. Rb1 Nfd7 14. Be3
Ne5 15. Qc2 Qc7 16. Rbd1 Qb6 17. Kh2 a4 18. Rb1 axb3 19. axb3 Ned3 20. Red1
Nb4 21. Qd2 h5 22. Ncb5 Nxe4 23. Qxb4 c5 24. Ne2 Ra2 25. Qe1 h4 26. Nbc3
hxg3+ 27. fxg3 Nxc3 28. Nxc3 Rxg2+ 29. Kxg2 Bf5 30. Nd5 Be4+ 31. Kf2 Qa7
32. Qd2 Bxb1 33. Rxb1 Qb8 34. Qd3 Qc8 35. Kg2 b5 36. Bf2 Qb7 37. Qf3 Kh8
38. Re1 Rxe1 39. Bxe1 bxc4 40. bxc4 Qb2+ 41. Bf2 Qe5 42. g4 Qe6 43. Bh4 f5
44. gxf5 gxf5 45. Ne7 f4 46. Bg5 Kh7 47. Qh5+ 1-0

[Event "10th EICC"]
[Site "Budva MNE"]
[Date "2009.03.06"]
[Round "1"]
[White "Ketzetzis,G"]
[Black "Maletin,P"]
[Result "0-1"]
[WhiteElo "2243"]
[BlackElo "2557"]
[EventDate "2009.03.06"]

1. e4 c5 2. Nf3 Nc6 3. d4 cxd4 4. Nxd4 e6 5. Nc3 Qc7 6. Be3 a6 7. Qd2 Nf6
8. O-O-O Bb4 9. f3 O-O 10. Nxc6 bxc6 11. Qd4 Rb8 12. a3 Be7 13. e5 Nd5 14.
Nxd5 cxd5 15. f4 d6 16. g4 dxe5 17. fxe5 Bd7 18. Bd3 Bb5 19. Rhf1 Rfc8 20.
Rf2 Bxd3 21. Rxd3 Qb7 22. b4 a5 23. Rb3 axb4 24. axb4 Rc4 25. Qa7 Qxa7 26.
Bxa7 Rbxb4 27. Rxb4 Bxb4 28. h3 Bc3 29. Bb8 Re4 30. Rf1 Bxe5 31. Bxe5 Rxe5
32. Kd2 h5 33. Rf4 g5 34. Rd4 hxg4 35. Rxg4 Kg7 36. h4 Kg6 37. hxg5 Rxg5
38. Rh4 Rg3 39. c4 dxc4 40. Rxc4 f5 41. Ke2 Kf6 42. Ra4 e5 43. Kf2 Rb3 0-1

[Event "10th EICC"]
[Site "Budva MNE"]
[Date "2009.03.06"]
[Round "1"]
[White "Minasian,Art"]
[Black "Medancic,R"]
[Result "1-0"]
[WhiteElo "2557"]
[BlackElo "2242"]
[EventDate "2009.03.06"]

1. e4 d5 2. exd5 Qxd5 3. Nc3 Qd6 4. d4 Nf6 5. Nf3 Bg4 6. Be2 c6 7. O-O e6
8. h3 Bh5 9. Bg5 Nbd7 10. Qd2 Qc7 11. Ne5 Bxe2 12. Qxe2 Be7 13. Rad1 O-O
14. f4 Rfe8 15. Rd3 c5 16. Nxd7 Nxd7 17. Bxe7 cxd4 18. Rxd4 Qb6 19. Rfd1
Rxe7 20. Nd5 exd5 21. Qxe7 Nf6 22. Qb4 Qc7 23. c4 a5 24. Qb5 dxc4 25. Rxc4
Qe7 26. Qe5 Qf8 27. Rc7 Re8 28. Qc5 1-0

[Event "10th EICC"]
[Site "Budva MNE"]
[Date "2009.03.06"]
[Round "1"]
[White "Susak,Z"]
[Black "Milanovic,Da"]
[Result "0-1"]
[WhiteElo "2229"]
[BlackElo "2552"]
[EventDate "2009.03.06"]

1. e4 d5 2. exd5 Qxd5 3. Nc3 Qd6 4. d4 Nf6 5. Be3 a6 6. Bd3 Nc6 7. Nf3 Bg4
8. Qe2 Nb4 9. h3 Nxd3+ 10. cxd3 Bxf3 11. Qxf3 c6 12. O-O-O e6 13. Ne4 Qd8
14. g4 Be7 15. g5 Nd5 16. h4 Qa5 17. Kb1 Qb5 18. Ka1 Rd8 19. h5 Nb4 20. g6
Qf5 21. gxf7+ Qxf7 22. Qe2 e5 23. b3 exd4 24. Ng5 Qf5 25. Bd2 Kd7 26. Ne4
Nd5 27. Rdg1 Rhg8 28. Rg4 Rdf8 29. Rg3 Nf6 30. Ng5 Bd6 31. Rf3 Qd5 32. Rg1
Re8 33. Qd1 h6 34. Nh3 Qxh5 35. Bf4 Bb4 36. Bc1 Nd5 37. Bb2 Bc3 38. Nf4
Nxf4 39. Bxc3 Ne2 0-1

[Event "10th EICC"]
[Site "Budva MNE"]
[Date "2009.03.06"]
[Round "1"]
[White "Pejovic,J"]
[Black "Lenic,L"]
[Result "0-1"]
[WhiteElo "2214"]
[BlackElo "2548"]
[EventDate "2009.03.06"]

1. g3 Nf6 2. Bg2 d5 3. d3 c5 4. Nd2 g6 5. e4 Bg7 6. Nh3 O-O 7. f3 Nc6 8.
Nf2 e5 9. O-O Qc7 10. c3 Rd8 11. Qe2 b6 12. Rd1 Ba6 13. Qe1 d4 14. Nf1 dxc3
15. bxc3 c4 16. dxc4 Na5 17. Rxd8+ Rxd8 18. Ne3 Nxc4 19. f4 exf4 20. gxf4
Bb7 21. e5 Nh5 22. Bxb7 Nxe3 23. Bxe3 Qxb7 24. Qe2 Qc6 25. Rc1 Re8 26. Ng4
Qe4 27. Rf1 f5 28. exf6 Nxf6 29. Nxf6+ Bxf6 30. Rf3 Bxc3 31. Kg2 Bf6 32.
Qb5 Rc8 33. Bf2 Rc3 0-1

[Event "10th EICC"]
[Site "Budva MNE"]
[Date "2009.03.06"]
[Round "1"]
[White "Kunin,V"]
[Black "Anicic,V"]
[Result "1/2-1/2"]
[WhiteElo "2546"]
[BlackElo "2212"]
[EventDate "2009.03.06"]

1. d4 e6 2. c4 Nf6 3. Nf3 b6 4. g3 d5 5. Bg2 Nbd7 6. O-O Be7 7. cxd5 exd5
8. Nc3 O-O 9. Nh4 Bb7 10. Nf5 Re8 11. Bf4 Nf8 12. e3 Ne6 13. Be5 Bf8 14. g4
Ne4 15. Bg3 g6 16. Nh4 Bg7 17. Rc1 c5 18. Nf3 Rc8 19. dxc5 Nxc3 20. bxc3
Ba6 21. Re1 Nxc5 22. Bh4 Qd7 23. Nd4 Nd3 24. Bf1 Nxe1 25. Bxa6 Bxd4 26.
Bxc8 Qxc8 27. exd4 Qe6 28. f3 Qe3+ 29. Bf2 Nxf3+ 30. Kg2 Qf4 31. Bg3 Qxg4
32. Kf2 Nxh2 33. Bxh2 Qg5 34. Rc2 Qe3+ 35. Kg2 Qe4+ 36. Kg1 Qe3+ 37. Kg2
Qe4+ 38. Kg1 Qe3+ 39. Rf2 Qxc3 40. Be5 Rc8 41. Kg2 h5 42. Qf1 Qc1 43. Qxc1
Rxc1 44. Bf6 Kh7 45. Kg3 Kh6 46. Be5 Rc3+ 47. Kf4 Rc6 48. Rb2 f6 49. Bb8
Re6 50. Bxa7 Re4+ 51. Kf3 Rxd4 52. Bxb6 Ra4 53. Bd8 g5 54. Be7 Kg6 55. Rb6
Rf4+ 56. Kg2 h4 57. Rb4 Rxb4 58. Bxb4 Kf7 59. a4 Ke6 60. a5 Kd7 61. Be7 Kc6
62. Bxf6 Kb5 1/2-1/2

[Event "10th EICC"]
[Site "Budva MNE"]
[Date "2009.03.06"]
[Round "1"]
[White "Mikavica,M"]
[Black "Evdokimov,Alexa"]
[Result "0-1"]
[WhiteElo "2211"]
[BlackElo "2545"]
[EventDate "2009.03.06"]

1. d4 Nf6 2. Nf3 c5 3. e3 g6 4. Be2 Bg7 5. O-O O-O 6. Nbd2 b6 7. b3 Bb7 8.
Bb2 cxd4 9. exd4 Nc6 10. Ne5 Rc8 11. Bf3 Qc7 12. Nxc6 Bxc6 13. c4 Bxf3 14.
Qxf3 d5 15. Rac1 Rfd8 16. Rfd1 dxc4 17. bxc4 Nh5 18. Qe3 Rd7 19. Nf3 Qf4
20. g3 Qxe3 21. fxe3 Rdc7 22. Nd2 Nf6 23. h3 Ne8 24. Rc2 Nd6 25. Rdc1 Nf5
26. Kf2 Bh6 27. Nf1 Rc6 28. d5 R6c7 29. a4 e6 30. dxe6 fxe6 31. Ba3 Rd7 32.
g4 Nxe3 33. Nxe3 Rd3 34. Ra1 Bxe3+ 35. Ke2 Rb3 36. Bd6 Bc5 37. Bxc5 Rxc5
38. Rd1 Rxh3 39. Rd8+ Kg7 40. Ra8 Kf7 41. Rxa7+ Kf6 42. Rc1 0-1

[Event "10th EICC"]
[Site "Budva MNE"]
[Date "2009.03.06"]
[Round "1"]
[White "Kovacevic,A"]
[Black "Nestorovic,L"]
[Result "1-0"]
[WhiteElo "2543"]
[BlackElo "2207"]
[EventDate "2009.03.06"]

1. e4 c5 2. Nf3 e6 3. d4 cxd4 4. Nxd4 Nf6 5. Nc3 d6 6. Be3 Be7 7. f4 O-O 8.
Qf3 Nc6 9. O-O-O Qc7 10. Rg1 a6 11. g4 Nd7 12. g5 Nxd4 13. Bxd4 b5 14. Qh5
Re8 15. Rd3 b4 16. g6 fxg6 17. Rxg6 hxg6 18. Qxg6 Bf8 19. Qxe8 Nc5 20. Bxc5
dxc5 21. Ne2 Qe7 22. Qh5 Bb7 23. Ng3 c4 24. Rd4 c3 25. Bc4 Re8 26. Nf5 Qf7
27. Qxf7+ Kxf7 28. Rd7+ Kf6 29. Rxb7 exf5 30. e5+ 1-0

[Event "10th EICC"]
[Site "Budva MNE"]
[Date "2009.03.06"]
[Round "1"]
[White "Civric,Z"]
[Black "Cvitan,O"]
[Result "0-1"]
[WhiteElo "2206"]
[BlackElo "2542"]
[EventDate "2009.03.06"]

1. e4 c5 2. Nf3 e6 3. d4 cxd4 4. Nxd4 a6 5. g3 d5 6. Bg2 dxe4 7. Bxe4 Nf6
8. Bg2 e5 9. Nb3 Qxd1+ 10. Kxd1 Nc6 11. Re1 Bg4+ 12. f3 Be6 13. Be3 Be7 14.
Bb6 O-O 15. N1d2 Rac8 16. c3 Bf5 17. Ke2 Nd5 18. Bc5 Rfd8 19. Ne4 b6 20.
Bxe7 Ncxe7 21. Rad1 h6 22. Rd2 Be6 23. Rdd1 g5 24. Nf2 Kg7 25. Kf1 Ng6 26.
Kg1 a5 27. Nc1 b5 28. Ncd3 b4 29. cxb4 Nxb4 30. a3 Nc2 31. Re2 Nd4 32. Red2
Bb3 33. Re1 Bc2 34. b4 axb4 35. axb4 Nb3 36. Rxc2 Rxc2 37. Bf1 Nd4 38. Bg2
Rd2 39. Nc5 Nc2 40. Rb1 Na3 41. Ra1 Nb5 42. Ra5 Nd4 43. Ra7 Nf8 44. Nfd3
Ne2+ 45. Kf1 Nc1 46. Nxc1 Rd1+ 47. Ke2 Rxc1 48. Bh3 Rc2+ 49. Ke3 Rd6 50.
Bf5 Rxh2 51. Nd3 Rf6 52. g4 Ng6 53. Bxg6 Rxg6 54. Nxe5 Rf6 55. Rb7 h5 56.
gxh5 Rxh5 57. b5 Rh1 58. b6 Rb1 59. Nc4 Rb3+ 60. Kd4 Rf4+ 0-1

[Event "10th EICC"]
[Site "Budva MNE"]
[Date "2009.03.06"]
[Round "1"]
[White "Maslak,K"]
[Black "Solic,K"]
[Result "1-0"]
[WhiteElo "2541"]
[BlackElo "2204"]
[EventDate "2009.03.06"]

1. c4 e5 2. Nc3 Nc6 3. g3 Bc5 4. Bg2 a6 5. e3 Nge7 6. Nge2 d6 7. a3 Bb6 8.
b4 O-O 9. Bb2 Bf5 10. d3 Qd7 11. h3 Nd8 12. d4 exd4 13. Nxd4 Bxd4 14. exd4
Re8 15. Kf1 d5 16. cxd5 c6 17. g4 Bg6 18. h4 h6 19. f4 Nxd5 20. Nxd5 cxd5
21. f5 Bh7 22. h5 Qd6 23. Kg1 Rc8 24. Rh3 Rc7 25. Bc3 Nc6 26. Qd2 Rce7 27.
Rf1 Re2 28. Qf4 Qd8 29. Rf2 Rxf2 30. Kxf2 Kh8 31. Re3 Rxe3 32. Qxe3 f6 33.
a4 Bg8 34. Bf1 Na7 35. Qf4 Qe8 36. b5 axb5 37. a5 Qc6 38. Bb4 Qc2+ 39. Qd2
Qe4 40. Bc5 Nc6 41. Bxb5 Nd8 42. Be2 Nc6 43. Bf3 Qb1 44. Bb6 Qa1 45. Be2
Qh1 46. Bf3 Qa1 47. Kg2 Kh7 48. Be2 Qb1 49. Qc3 Bf7 50. Kf2 Be8 51. Bf3 Nb4
52. Be2 Bc6 53. Bd8 Na2 54. Qd2 Nc1 55. Bf1 Qa1 56. Qe3 Qb2+ 57. Kg3 Nb3
58. g5 hxg5 59. Bxf6 gxf6 60. Qe7+ Kg8 61. h6 Qc3+ 62. Kg4 1-0

[Event "10th EICC"]
[Site "Budva MNE"]
[Date "2009.03.06"]
[Round "1"]
[White "Schartz,A"]
[Black "Popov,Iv RUS"]
[Result "0-1"]
[WhiteElo "2202"]
[BlackElo "2541"]
[EventDate "2009.03.06"]

1. d4 Nf6 2. Nc3 d5 3. Bg5 e6 4. e3 h6 5. Bxf6 Qxf6 6. Qf3 c5 7. Bb5+ Nc6
8. Qxf6 gxf6 9. e4 a6 10. exd5 axb5 11. dxc6 bxc6 12. dxc5 Bxc5 13. Nge2 f5
14. Ng3 h5 15. h3 Rg8 16. Nxh5 Rxg2 17. Nf4 Rg8 18. Nd3 Bd6 19. Kd2 Ke7 20.
a4 b4 21. Ne2 c5 22. c3 Bb7 23. Rhe1 Rad8 24. c4 Be4 25. Rec1 Rh8 0-1

[Event "10th EICC"]
[Site "Budva MNE"]
[Date "2009.03.06"]
[Round "1"]
[White "Lopez Martinez,Josep"]
[Black "Pantic,I"]
[Result "1-0"]
[WhiteElo "2540"]
[BlackElo "2193"]
[EventDate "2009.03.06"]

1. e4 c5 2. Nf3 Nc6 3. d4 cxd4 4. Nxd4 Nf6 5. Nc3 e5 6. Ndb5 d6 7. Bg5 a6
8. Na3 b5 9. Nd5 Be7 10. Bxf6 Bxf6 11. c4 b4 12. Nc2 Rb8 13. b3 O-O 14. Be2
Bg5 15. Qd3 f5 16. Bf3 Kh8 17. exf5 Bxf5 18. Be4 Bxe4 19. Qxe4 a5 20. O-O
a4 21. Rad1 Qd7 22. c5 axb3 23. axb3 Na5 24. Ndxb4 Nxb3 25. cxd6 Nd2 26.
Qc6 Qxc6 27. Nxc6 Rb2 28. N6b4 Nxf1 29. Kxf1 Kg8 30. Rd5 Bd8 31. Rxe5 Bf6
32. Rc5 Kf7 33. Nd3 Rb1+ 34. Ke2 Ke6 35. Ne3 Rb3 36. Nc4 Ra8 37. Ke3 Ra7
38. Ke4 Rc3 39. Nf4+ Kf7 40. Nd5 Rc2 41. f4 Ra4 42. Rc7+ Kg6 43. Nde3 Rca2
44. d7 Rd2 45. Kf3 Rd3 46. Ke2 Rd4 47. g3 h5 48. h4 Ra2+ 49. Kf3 Rd3 50. g4
hxg4+ 51. Kxg4 Rd4 52. h5+ Kh7 53. Nf5 Rd3 54. Nfd6 Rg2+ 55. Kf5 Re2 56.
Ne4 Bd8 57. Rb7 Rd5+ 58. Ne5 Rd4 59. Nc5 Rh2 60. Nc6 Rxh5+ 61. Kg4 Rh4+ 62.
Kg3 1-0

[Event "10th EICC"]
[Site "Budva MNE"]
[Date "2009.03.06"]
[Round "1"]
[White "Elkin,L"]
[Black "Ragger,M"]
[Result "0-1"]
[WhiteElo "2191"]
[BlackElo "2540"]
[EventDate "2009.03.06"]

1. d4 d5 2. c4 c6 3. Nf3 Nf6 4. Nc3 dxc4 5. a4 Bf5 6. e3 e6 7. Bxc4 Bb4 8.
O-O O-O 9. Qe2 Nbd7 10. e4 Bg6 11. Bd3 h6 12. Rd1 a6 13. e5 Nd5 14. Nxd5
cxd5 15. Bxg6 fxg6 16. Bd2 Bxd2 17. Rxd2 Nb8 18. h4 Nc6 19. Qd3 Rf5 20. Ra3
Qd7 21. Qb1 Qe7 22. g4 Rf4 23. Qxg6 Qd7 24. g5 Ne7 25. Qh5 g6 26. Qxh6 Raf8
27. h5 Rxf3 28. hxg6 Nc6 29. Rxf3 Rxf3 30. Qh5 Rf4 31. Rd3 Qg7 32. Rc3 Rf8
33. Rh3 Nxd4 34. Kg2 Nf5 35. f4 d4 36. Rb3 Ne3+ 37. Kf3 Nd5 38. Ke4 Rxf4+
39. Kd3 b6 40. a5 b5 0-1

[Event "10th EICC"]
[Site "Budva MNE"]
[Date "2009.03.06"]
[Round "1"]
[White "Godena,M"]
[Black "Valenti,G"]
[Result "1/2-1/2"]
[WhiteElo "2537"]
[BlackElo "2183"]
[EventDate "2009.03.06"]

1. e4 e6 2. d4 d5 3. Nd2 c5 4. exd5 Qxd5 5. dxc5 Bxc5 6. Ngf3 Nf6 7. Bc4
Qd6 8. Qe2 Nbd7 9. Ne4 Nxe4 10. Qxe4 Nf6 11. Qh4 Bd7 12. O-O Qb6 13. Ne5
Bb5 14. Bh6 Bf8 15. Bg5 Be7 16. Be3 Qa6 17. Bxb5+ Qxb5 18. Bd4 O-O 19. c4
Qa5 20. Qg3 Rad8 21. Bc3 Qc5 22. Rfe1 Rfe8 23. Re3 a6 24. Rae1 Rf8 25. Rf3
Kh8 26. Ng4 Nh5 27. Qh3 Qg5 28. Ne5 Bf6 29. g3 Kg8 30. Rfe3 Nf4 31. Qf1 Ng6
32. Qg2 Nxe5 33. Bxe5 Bxe5 34. Rxe5 Qd2 35. R5e2 Qb4 36. Qe4 Rd7 37. a3 Qc5
38. Kg2 Rd3 1/2-1/2

[Event "10th EICC"]
[Site "Budva MNE"]
[Date "2009.03.06"]
[Round "1"]
[White "Hera,I"]
[Black "Rajcevic,S"]
[Result "1-0"]
[WhiteElo "2527"]
[BlackElo "2161"]
[EventDate "2009.03.06"]

1. e4 e5 2. Nf3 Nf6 3. Nc3 Bb4 4. Nxe5 O-O 5. Be2 Re8 6. Nd3 Bxc3 7. dxc3
Nxe4 8. Nf4 Nc6 9. O-O Ne5 10. c4 d6 11. f3 Nc5 12. b3 Ng6 13. Nh5 Qe7 14.
Qd4 Qe5 15. Qxe5 Rxe5 16. Ng3 a5 17. Kf2 Bd7 18. Bd2 b6 19. a3 Rae8 20. b4
Nb7 21. Bd3 Bc6 22. f4 R5e7 23. Nf5 Rd7 24. h4 Rdd8 25. Rfe1 Kf8 26. Bc3 f6
27. g3 Rxe1 28. Rxe1 Be8 29. Be4 axb4 30. axb4 1-0

[Event "10th EICC"]
[Site "Budva MNE"]
[Date "2009.03.06"]
[Round "1"]
[White "Jakic,V"]
[Black "Jovanic,O"]
[Result "0-1"]
[WhiteElo "2154"]
[BlackElo "2527"]
[EventDate "2009.03.06"]

1. e4 c5 2. Nf3 e6 3. d4 cxd4 4. Nxd4 Nc6 5. Nc3 Qc7 6. g3 a6 7. Bg2 d6 8.
O-O Bd7 9. Re1 Be7 10. Kh1 Nf6 11. Re2 Rc8 12. Nxc6 Bxc6 13. Qe1 O-O 14. a4
Rfe8 15. Bg5 h6 16. Bd2 b6 17. f4 Qb7 18. Qg1 e5 19. Rae1 b5 20. axb5 axb5
21. Na2 exf4 22. Nb4 f3 23. Bxf3 Nd7 24. Bg2 Ne5 25. Bc3 Bf8 26. Qd4 Bd7
27. Rf1 Be6 28. b3 Rc7 29. Qd2 Rec8 30. Bd4 Be7 31. h3 Re8 32. Ref2 Rcc8
33. Nd5 Bd8 34. Qb4 Nc6 35. Qd2 Nxd4 36. Qxd4 Bxd5 37. Qxd5 Qxd5 38. exd5
Bf6 39. Bf3 Re3 40. Re2 Rec3 41. Be4 Rxg3 42. Rf3 Rxf3 43. Bxf3 Be5 44. Be4
g6 45. Bd3 b4 46. Re4 Bc3 47. Re7 Bd4 48. Rb7 Bc5 49. Bb5 Ra8 50. Ba4 Kg7
51. Kg2 Ra7 52. Rxa7 Bxa7 53. Kf3 f5 54. Ke2 Bd4 55. c4 Kf6 56. Be8 Bc5 57.
Kf3 g5 58. Bh5 Bb6 59. Be8 Bd4 60. Bh5 Ke5 61. Be8 Ba7 62. Bg6 Bc5 63. Ke2
Kf4 64. Kd3 g4 65. Ke2 Kg5 66. Bf7 h5 67. Be8 f4 0-1

[Event "10th EICC"]
[Site "Budva MNE"]
[Date "2009.03.06"]
[Round "1"]
[White "Savic,Miod1"]
[Black "Ceranic,M"]
[Result "1-0"]
[WhiteElo "2525"]
[BlackElo "2147"]
[EventDate "2009.03.06"]

1. e4 c5 2. c3 d6 3. d4 cxd4 4. cxd4 Nf6 5. Nc3 Nc6 6. Nf3 g6 7. h3 Bg7 8.
Be3 O-O 9. Be2 a6 10. d5 Nb8 11. O-O Nbd7 12. a4 Qa5 13. Nd2 Qd8 14. a5 b5
15. axb6 Nxb6 16. Nb3 Nfd7 17. Na5 Nb8 18. Qb3 N6d7 19. Qb4 Kh8 20. Na4 f5
21. exf5 gxf5 22. f4 Qe8 23. Bf3 Rg8 24. Rac1 Nc5 25. Nxc5 dxc5 26. Bxc5
Nd7 27. Bd4 Rb8 28. Qc3 Nf6 29. Nc6 Rb5 30. Na7 Rb8 31. Nc6 Rb5 32. d6 Nd5
33. Bxd5 Rxd5 34. Bxg7+ Rxg7 35. Nxe7 Bb7 36. Nxd5 Bxd5 37. Rf2 Qe4 1-0